000 01274nam a22002657a 4500
001 195999
005 20240813151635.0
008 240813b |||||||| |||| 00| 0 POR d
020 _a9786588899328
040 _cEscola Canadense de Niterói - Expansão Itacoatiara
041 _aPortuguês
100 _aSilva, Flávia Lins e
_eAuthor
_92094
245 _aOs detetives do prédio azul: casos ecológicos
250 _a1. ed.
260 _aRio de janeiro:
_bPequena Zahar,
_c2022
300 _a102 p. :
_bil. ;
_c14.00 X 19.00 cm (brochura)
490 _aOs detetives do prédio azul
_vLivro 2
520 _aCoisas muito estranhas acontecem no Prédio Azul. Ainda bem que os moradores podem contar com os imbatíveis, os invencíveis, os inseparáveis... Detetives do Prédio Azul! No quarto volume da série, Flor, Zeca e Max se reúnem para resolver mistérios envolvendo plantas e animais.Esse livro, que integra o catálogo da Pequena Zahar, é o primeiro de uma nova série de Flávia Lins e Silva, autora também da série Diário de Pilar, entre outros livros de sucesso.
690 _aLiteratura Infantil
_9448
690 _aMistério
_9411
690 _aInvestigação
_9346
690 _aAmizade
_9549
690 _aDetetive
_92095
942 _2udc
_cBK
_n0
999 _c195999
_d195999